| 000 | 01073nam a22003017a 4500 | ||
|---|---|---|---|
| 001 | 8278 | ||
| 003 | FISKH | ||
| 005 | 20250908104622.0 | ||
| 008 | 250908b cb ||||| |||| 00| 0 eng d | ||
| 020 | _a9780439678728 | ||
| 040 |
_aFISKH _beng _cFISKH _dFISKH |
||
| 050 | _aQA113 .T355 | ||
| 082 | _a513.211 | ||
| 100 | _aTang, Greg | ||
| 245 |
_aMath fables : _bLessons that count / _cBy Greg Tang : illustrated by Heather Cahooon |
||
| 250 | _aFirst Scholastic paperback , September 2004 | ||
| 260 |
_aNew York : _bScholastic, _c2004. |
||
| 300 |
_a40 unnumbered pages : _bcolor illustrations ; _c26 cm . |
||
| 505 | _aI | ||
| 520 | _aA series of rhymes about animals introduces counting and grouping numbers, as well as examples of such behaviors as cooperation, friendship, and appreciation. | ||
| 521 | 8 |
_a450
_bLexile estimate |
|
| 521 | 8 |
_aI
_bRaz-Plus |
|
| 650 |
_aProblem solving _vPicture Books |
||
| 650 |
_aStories in rhyme _vPicture Books |
||
| 700 |
_aCahoon ,Heather _eIllustrator |
||
| 942 |
_2ddc _cBK _n0 |
||
| 999 |
_c8278 _d8278 |
||